Spatial econometrics methods and applications
Salvato in:
| Altri autori: | , |
|---|---|
| Natura: | Libro |
| Lingua: | inglese |
| Pubblicazione: |
Heidelberg
Physica-Verlag
2010
|
| Serie: | Studies in empirical economics
|
| Soggetti: | |
| Tags: |
Nessun Tag, puoi essere il primo ad aggiungerne!!
|
MARC
| LEADER | 00000nam a2200000 4500 | ||
|---|---|---|---|
| 001 | 0236888 | ||
| 005 | 20240314085937.5 | ||
| 020 | |a 978-3-7908-2563-3 | ||
| 041 | 0 | |a eng | |
| 044 | |a DE | ||
| 245 | 1 | 0 | |a Spatial econometrics |b methods and applications |c editors: Giuseppe Arbia, Badi H. Baltagi |
| 264 | 1 | |a Heidelberg |b Physica-Verlag |c 2010 | |
| 300 | |a 281 s. | ||
| 490 | 1 | |a Studies in empirical economics | |
| 830 | 0 | |a Studies in empirical economics | |
| 610 | 2 | 0 | |a ekonometria |
| 610 | 2 | 0 | |a analýza ekonometrická |
| 610 | 2 | 0 | |a analýza empirická |
| 610 | 2 | 0 | |a modelovanie ekonometrické |
| 610 | 2 | 0 | |a modely ekonometrické |
| 700 | 1 | |a Arbia, Giuseppe | |
| 700 | 1 | |a Baltagi, Badi H. | |